[Event "OSREDNJA SLOVENSKA LIGA 2025"]
[Site "gostovanja"]
[Date "2025.10.09"]
[Round "4.1"]
[White "Siraj, Svit"]
[Black "Lucovnik, Tilen"]
[Result "1-0"]
[WhiteElo "2122"]
[BlackElo "2154"]
[PlyCount "77"]
[EventDate "2025.09.18"]
[WhiteTeam "SD VRHNIKA"]
[BlackTeam "SK KOMENDA POPOTNIK"]

1. e4 d6 2. d4 Nf6 3. Bd3 e5 4. c3 d5 5. dxe5 Nxe4 6. Bxe4 dxe4 7. Qxd8+ Kxd8
8. Bf4 Nd7 9. Ne2 Nc5 10. O-O Bf5 11. Nd2 Nd3 12. Bg5+ Kc8 13. Ng3 Bg6 14.
Ndxe4 Nxb2 15. f4 h6 16. f5 Bh7 17. Be3 Ba3 18. Nh5 Rg8 19. Nxg7 Rxg7 20. Bxh6
Rg8 21. Nf6 Rd8 22. Nxh7 Rh8 23. Ng5 Rxh6 24. Nxf7 Rh7 25. e6 b6 26. g4 Kb7 27.
g5 Bc5+ 28. Kg2 Nc4 29. Kg3 Nd6 30. g6 Rh5 31. Kg4 Rxh2 32. Nxd6+ Bxd6 33. f6
Rah8 34. e7 R8h4+ 35. Kf5 Re2 36. Rae1 Rh5+ 37. Kg4 Rhe5 38. Rxe2 Rxe2 39. g7
1-0

[Event "OSREDNJA SLOVENSKA LIGA 2025"]
[Site "gostovanja"]
[Date "2025.10.09"]
[Round "4.1"]
[White "Zidar, Jernej"]
[Black "Zlindra, Aljaz"]
[Result "0-1"]
[WhiteElo "2036"]
[BlackElo "1995"]
[PlyCount "102"]
[EventDate "2025.09.18"]
[WhiteTeam "SK KOMENDA POPOTNIK"]
[BlackTeam "SD VRHNIKA"]

1. d4 Nf6 2. c4 e6 3. g3 d5 4. Bg2 Be7 5. Nf3 O-O 6. O-O dxc4 7. Qc2 a6 8. a4
Bd7 9. Ne5 Bc6 10. Nxc6 Nxc6 11. Bxc6 bxc6 12. Qxc4 Qd5 13. Qd3 c5 14. dxc5
Qxd3 15. exd3 Bxc5 16. Be3 Bxe3 17. fxe3 Rab8 18. Rf2 Ng4 19. Re2 Ne5 20. d4
Nd3 21. Na3 Nxb2 22. Rc1 Nxa4 23. Rxc7 Rb3 24. Nc4 Nc3 25. Re1 Nd5 26. Ra7 Rc3
27. Ne5 Nxe3 28. Rxa6 Nf5 29. Rd1 h5 30. Ra7 Rc2 31. Rb1 Nxd4 32. Rbb7 Nc6 33.
Rc7 Nxa7 34. Rxc2 Nb5 35. Rd2 Nc7 36. Kg2 Nd5 37. Kf3 Rc8 38. Nd3 g6 39. Ke4
Kg7 40. Ne5 Nf6+ 41. Kf3 Rc3+ 42. Kg2 Rc5 43. Nf3 Ng4 44. h3 Ne3+ 45. Kf2 Nf5
46. g4 hxg4 47. hxg4 Ne7 48. Rd7 Nc6 49. Rc7 Rc2+ 50. Kg3 Nd4 51. Rb7 Rc3 0-1

[Event "OSREDNJA SLOVENSKA LIGA 2025"]
[Site "gostovanja"]
[Date "2025.10.09"]
[Round "4.1"]
[White "Okorn, Nejc"]
[Black "Debeljak, Jaka"]
[Result "0-1"]
[WhiteElo "1919"]
[BlackElo "1822"]
[PlyCount "78"]
[EventDate "2025.09.18"]
[WhiteTeam "SD VRHNIKA"]
[BlackTeam "SK KOMENDA POPOTNIK"]

1. e4 e6 2. d4 d5 3. exd5 exd5 4. Bd3 Bd6 5. Ne2 Nc6 6. c3 Bg4 7. Qc2 Nge7 8.
h3 Be6 9. Nf4 Qd7 10. O-O O-O-O 11. Re1 h6 12. b4 Rde8 13. Nxe6 fxe6 14. b5 Na5
15. Nd2 Rhf8 16. Nf3 g5 17. a4 Rxf3 18. gxf3 Rf8 19. Qe2 Rf6 20. Ba3 Nc4 21.
Bxc4 dxc4 22. Qxc4 Nd5 23. Bxd6 Qxd6 24. Re5 Rxf3 25. Qe2 Rxh3 26. Qg4 Nf4 27.
Rae1 Rh4 28. Qf3 Qf8 29. Kf1 g4 30. Qe4 g3 31. fxg3 Nh3+ 32. Ke2 Rxe4+ 33. Rxe4
Qf2+ 34. Kd1 Qb2 35. R1e2 Qb1+ 36. Kd2 Ng5 37. R4e3 c6 38. bxc6 bxc6 39. Re5
Nf3+ 0-1

[Event "OSREDNJA SLOVENSKA LIGA 2025"]
[Site "gostovanja"]
[Date "2025.10.09"]
[Round "4.1"]
[White "Gabrovsek, Domen"]
[Black "Sever, Gasper"]
[Result "1/2-1/2"]
[WhiteElo "1744"]
[BlackElo "1856"]
[PlyCount "65"]
[EventDate "2025.09.18"]
[WhiteTeam "SK KOMENDA POPOTNIK"]
[BlackTeam "SD VRHNIKA"]

1. c4 Nf6 2. Nc3 e6 3. e4 d5 4. cxd5 exd5 5. exd5 Nxd5 6. Bc4 Nb6 7. Bb3 Nc6 8.
Qf3 Qe7+ 9. Nge2 Ne5 10. Qe4 f5 11. Qc2 Qg5 12. Ng3 Nc6 13. Nd5 Nxd5 14. Bxd5
Nb4 15. Qc4 f4 16. Bf7+ Kd8 17. d3 b5 18. Qb3 Qc5 19. Ne4 Nc2+ 20. Kd1 Nxa1 21.
Nxc5 Nxb3 22. Nxb3 Bb7 23. Bxf4 Bxg2 24. Re1 Bb4 25. Bg5+ Kd7 26. Be6+ Kc6 27.
Nd4+ Kb6 28. Re5 c6 29. Be3 Bc5 30. Rxc5 Kxc5 31. Nf5+ Kb4 32. Bd2+ Kc5 33.
Be3+ 1/2-1/2

[Event "OSREDNJA SLOVENSKA LIGA 2025"]
[Site "gostovanja"]
[Date "2025.10.09"]
[Round "4.3"]
[White "Kampus, Andrej"]
[Black "Bratovic, Blaz"]
[Result "1-0"]
[WhiteElo "2066"]
[BlackElo "2291"]
[PlyCount "43"]
[EventDate "2025.09.18"]
[WhiteTeam "SK DOL PRI LJUBLJANI"]
[BlackTeam "SK TRZIN BUSCOTRADE"]

1. e4 c5 2. Nc3 d6 3. d4 cxd4 4. Qxd4 Nc6 5. Qd2 g6 6. b3 Bh6 7. f4 e5 8. Nb5
Bxf4 9. Qxd6 Qxd6 10. Nxd6+ Kf8 11. Ba3 Kg7 12. Ne8+ Kh6 13. Bf8+ Kh5 14. Ng7+
Kg5 15. h4+ Kg4 16. Be2+ Kg3 17. Bf3 Nd4 18. Ne2+ Nxe2 19. Kxe2 Bh6 20. Bc5
Bxg7 21. Bf2+ Kf4 22. g3# 1-0

[Event "OSREDNJA SLOVENSKA LIGA 2025"]
[Site "gostovanja"]
[Date "2025.10.09"]
[Round "4.3"]
[White "Krupenko, Peter"]
[Black "Kosem, Rok"]
[Result "1-0"]
[WhiteElo "1968"]
[BlackElo "1765"]
[PlyCount "91"]
[EventDate "2025.09.18"]
[WhiteTeam "SK TRZIN BUSCOTRADE"]
[BlackTeam "SK DOL PRI LJUBLJANI"]

1. Nf3 c5 2. c4 Nc6 3. d4 cxd4 4. Nxd4 Nf6 5. Nc3 g6 6. Nb3 Bg7 7. c5 b6 8.
cxb6 Qxb6 9. g3 d6 10. Bg2 Bb7 11. Be3 Qa6 12. O-O Ne5 13. Bxb7 Qxb7 14. Qd4
O-O 15. f3 Qd7 16. Kg2 Qe6 17. Bf2 Nc4 18. Qd3 Nxb2 19. Qc2 Nc4 20. e4 Rfc8 21.
Rac1 Bh6 22. Nd4 Qd7 23. f4 e5 24. Qe2 exd4 25. Bxd4 Bg7 26. Bxf6 Bxf6 27. Nd5
Bg7 28. Rxc4 Rxc4 29. Qxc4 Rb8 30. Rc1 h5 31. Rc2 h4 32. Qc7 h3+ 33. Kf3 Qb5
34. Qxb8+ Qxb8 35. Rc8+ Qxc8 36. Ne7+ Kf8 37. Nxc8 Bd4 38. Nxd6 Ke7 39. Nc4 f5
40. exf5 gxf5 41. Ne3 Kf6 42. Nf1 Bc5 43. g4 fxg4+ 44. Kxg4 Bd6 45. Ng3 a5 46.
Ne4+ 1-0

[Event "OSREDNJA SLOVENSKA LIGA 2025"]
[Site "gostovanja"]
[Date "2025.10.09"]
[Round "4.3"]
[White "Magerl, Zan"]
[Black "Pavlin, Damijan"]
[Result "0-1"]
[WhiteElo "1677"]
[BlackElo "1963"]
[PlyCount "54"]
[EventDate "2025.09.18"]
[WhiteTeam "SK DOL PRI LJUBLJANI"]
[BlackTeam "SK TRZIN BUSCOTRADE"]

1. e4 c6 2. Nc3 d5 3. Nf3 dxe4 4. Nxe4 Nf6 5. Qe2 e6 6. b3 Be7 7. Bb2 Nbd7 8.
O-O-O a5 9. a4 b5 10. axb5 cxb5 11. Nd4 Bb7 12. Nxf6+ Bxf6 13. Qxb5 Rb8 14. Nc6
Bxc6 15. Qxc6 Bxb2+ 16. Kxb2 O-O 17. c3 Rb6 18. Qc4 Qb8 19. d4 Rc8 20. Qa4 Qc7
21. Bc4 Qxc4 22. Qxc4 Rxc4 23. Ra1 a4 24. b4 Ra6 25. Rhd1 Nb6 26. g3 g5 27. Kc2
Nd5 0-1

[Event "OSREDNJA SLOVENSKA LIGA 2025"]
[Site "gostovanja"]
[Date "2025.10.09"]
[Round "4.3"]
[White "Abe, Blaz"]
[Black "Kampus, Iva"]
[Result "1/2-1/2"]
[WhiteElo "1791"]
[BlackElo "1578"]
[PlyCount "79"]
[EventDate "2025.09.18"]
[WhiteTeam "SK TRZIN BUSCOTRADE"]
[BlackTeam "SK DOL PRI LJUBLJANI"]

1. d4 Nf6 2. Nf3 d5 3. Bf4 c5 4. e3 Nc6 5. c3 Qb6 6. Qc2 Nh5 7. Bg3 Nxg3 8.
hxg3 g6 9. dxc5 Qxc5 10. Bd3 f5 11. g4 e5 12. gxf5 e4 13. Bxe4 dxe4 14. Qxe4+
Qe7 15. Qxe7+ Nxe7 16. fxg6 Nxg6 17. Nbd2 Bd7 18. Ne4 Be7 19. O-O-O O-O-O 20.
Nfg5 Bc6 21. Rxd8+ Rxd8 22. Rxh7 Bxg5 23. Nxg5 Bxg2 24. Rg7 Rd6 25. Nf7 Rf6 26.
Ne5 Nxe5 27. Rxg2 Nd3+ 28. Kd1 Nxf2+ 29. Kc2 Kd7 30. Rg7+ Kc6 31. a4 Re6 32.
Kd2 Ne4+ 33. Kc2 Nc5 34. b3 Rxe3 35. Rg6+ Kc7 36. Rg7+ Kd6 37. b4 Nxa4 38. Rxb7
Rxc3+ 39. Kd2 a6 40. b5 1/2-1/2

[Event "OSREDNJA SLOVENSKA LIGA 2025"]
[Site "gostovanja"]
[Date "2025.10.09"]
[Round "4.4"]
[White "Bratko, Ivan"]
[Black "Babarovic, Fran"]
[Result "1/2-1/2"]
[WhiteElo "2166"]
[BlackElo "1901"]
[PlyCount "62"]
[EventDate "2025.09.18"]
[WhiteTeam "DRUSTVO KPSRD KAREL JERAJ"]
[BlackTeam "SK KOMENDA POGI"]

1. Nf3 d5 2. g3 Nf6 3. Bg2 e6 4. O-O Bd6 5. d3 O-O 6. Nbd2 c5 7. e4 Nc6 8. Re1
Qc7 9. Qe2 Be7 10. e5 Nd7 11. c3 b6 12. Nf1 Ba6 13. h4 Rab8 14. Bf4 d4 15. c4
b5 16. b3 bxc4 17. bxc4 Nb6 18. N1d2 Na4 19. Ng5 h6 20. Qh5 hxg5 21. Be4 g6 22.
Bxg6 fxg6 23. Qxg6+ Kh8 24. hxg5 Bd8 25. Kg2 Qg7 26. Qxe6 Qf7 27. Rh1+ Kg8 28.
Qh6 Qg7 29. Qe6+ Qf7 30. Qh6 Qg7 31. Qe6+ Qf7 1/2-1/2

[Event "OSREDNJA SLOVENSKA LIGA 2025"]
[Site "gostovanja"]
[Date "2025.10.09"]
[Round "4.4"]
[White "Hribar, Izak"]
[Black "Ivanec, Dezider"]
[Result "0-1"]
[WhiteElo "1706"]
[BlackElo "2032"]
[PlyCount "74"]
[EventDate "2025.09.18"]
[WhiteTeam "SK KOMENDA POGI"]
[BlackTeam "DRUSTVO KPSRD KAREL JERAJ"]

1. e4 c5 2. Nf3 g6 3. d4 cxd4 4. Nxd4 Nf6 5. Nc3 Nc6 6. Be3 Bg7 7. Bc4 O-O 8.
O-O d6 9. Qd2 Ng4 10. Nxc6 bxc6 11. h3 Nxe3 12. Qxe3 Rb8 13. Rab1 Qa5 14. Bb3
Be6 15. Rfd1 Rb6 16. Qd2 Rfb8 17. Na4 Qxd2 18. Rxd2 Rb4 19. Re1 c5 20. a3 Bxb3
21. axb4 Bxa4 22. Ra1 Rxb4 23. c3 Rxe4 24. f3 Rc4 25. Ra3 Bh6 26. Re2 Bc1 27.
b3 Bxa3 28. bxc4 Bb3 29. Rxe7 Bxc4 30. Rxa7 Bb2 31. Rd7 d5 32. Kf2 Bxc3 33. Ra7
Kg7 34. Ra3 d4 35. g4 Kf6 36. f4 Ke6 37. Ra4 Kd5 0-1

[Event "OSREDNJA SLOVENSKA LIGA 2025"]
[Site "gostovanja"]
[Date "2025.10.09"]
[Round "4.4"]
[White "Stimec, Marjan"]
[Black "Zagar, Katarina"]
[Result "1-0"]
[WhiteElo "1842"]
[BlackElo "1542"]
[PlyCount "77"]
[EventDate "2025.09.18"]
[WhiteTeam "DRUSTVO KPSRD KAREL JERAJ"]
[BlackTeam "SK KOMENDA POGI"]

1. c4 Nf6 2. Nc3 c5 3. Nf3 g6 4. g3 b6 5. Bg2 Bb7 6. d3 Bg7 7. O-O O-O 8. Bg5
h6 9. Bd2 e6 10. Qc1 Kh7 11. a3 d5 12. Rd1 Nc6 13. b3 Qe7 14. Qc2 Rad8 15. Rab1
Rfe8 16. e3 d4 17. Ne2 e5 18. e4 a5 19. Nh4 Nh5 20. Rf1 Bc8 21. h3 Bd7 22. Kh2
Rf8 23. Ng1 f5 24. exf5 gxf5 25. Rbe1 Qd6 26. Qd1 Nf6 27. f4 Ne8 28. fxe5 Bxe5
29. Bf4 Bxf4 30. Rxf4 Ng7 31. Ref1 Ne5 32. Bd5 Ng6 33. Nxg6 Qxg6 34. Nf3 Nh5
35. Qe1 Nxf4 36. gxf4 Qf6 37. Rg1 Rde8 38. Ne5 Be6 39. Rg6 1-0

[Event "OSREDNJA SLOVENSKA LIGA 2025"]
[Site "gostovanja"]
[Date "2025.10.09"]
[Round "4.4"]
[White "Perme, Stanko"]
[Black "Cizman, Gregor"]
[Result "1-0"]
[WhiteElo "1496"]
[BlackElo "1676"]
[PlyCount "67"]
[EventDate "2025.09.18"]
[WhiteTeam "SK KOMENDA POGI"]
[BlackTeam "DRUSTVO KPSRD KAREL JERAJ"]

1. e4 c6 2. d4 d5 3. exd5 cxd5 4. Bf4 a6 5. Bd3 Nf6 6. Nf3 Bg4 7. Nbd2 e6 8.
O-O Be7 9. c3 Nc6 10. Qc2 Bxf3 11. Nxf3 O-O 12. Rfe1 Rc8 13. a3 Re8 14. Re2 g6
15. Rae1 Bd6 16. Bg5 Kg7 17. Qd2 Be7 18. h3 Qc7 19. Bf4 Qd8 20. Bg5 Qc7 21. Bf4
Bd6 22. Ne5 Qd8 23. Bh6+ Kg8 24. Bg5 Be7 25. Re3 Nxe5 26. Rxe5 Nd7 27. Bxe7
Rxe7 28. R5e3 Kg7 29. Rf3 Re8 30. Qf4 Rf8 31. h4 Qc7 32. Qg4 Nf6 33. Qg5 Qd8
34. Qe5 1-0

[Event "OSREDNJA SLOVENSKA LIGA 2025"]
[Site "gostovanja"]
[Date "2025.10.09"]
[Round "4.5"]
[White "Pisek, Igor"]
[Black "Levacic, Matic"]
[Result "1-0"]
[WhiteElo "1842"]
[BlackElo "1875"]
[PlyCount "161"]
[EventDate "2025.09.18"]
[WhiteTeam "SK VISNJA GORA 2"]
[BlackTeam "ZELENCI LPP"]

1. e4 e6 2. Nc3 d5 3. d4 Bb4 4. exd5 exd5 5. Nf3 Ne7 6. Bg5 O-O 7. Bd3 h6 8.
Bh4 c6 9. O-O Bg4 10. h3 Be6 11. Re1 Bd6 12. Qd2 Qc7 13. Bxe7 Bxe7 14. Re2 Nd7
15. Rae1 Nb6 16. Nd1 c5 17. c3 Rac8 18. Ne3 Qf4 19. Nf5 Qc7 20. Nxh6+ Kh8 21.
Nxf7+ Rxf7 22. Rxe6 Rcf8 23. Bg6 Rxf3 24. gxf3 Nc8 25. Qe3 cxd4 26. cxd4 Bb4
27. Re8 Qc6 28. Rxf8+ Bxf8 29. Qe8 Qf6 30. Re5 Ne7 31. Rh5+ Kg8 32. Bb1 g6 33.
Re5 Kg7 34. Qd7 Kf7 35. Kg2 Qc6 36. Qg4 Bg7 37. Re2 Bf6 38. Bd3 Qb6 39. Qf4
Qxd4 40. Qxd4 Bxd4 41. Kg3 Ng8 42. Kg4 Nf6+ 43. Kg5 Nh7+ 44. Kh6 Nf8 45. Rc2
Be5 46. Kg5 Nh7+ 47. Kh4 Bf4 48. Kg4 Bd6 49. f4 Nf6+ 50. Kf3 Nh5 51. f5 g5 52.
Kg4 Nf4 53. Bf1 Kf6 54. Rc8 d4 55. Rd8 Ke7 56. Rxd6 Kxd6 57. Kxg5 Nd5 58. a3
Ke5 59. h4 Nf6 60. f3 Nh7+ 61. Kg6 Nf8+ 62. Kg5 Nh7+ 63. Kh6 Nf8 64. Bd3 Nd7
65. b4 Kf6 66. f4 Nb6 67. Kh5 Nd5 68. Kg4 Ne3+ 69. Kf3 Nd5 70. Ke4 Ne3 71. Kxd4
Ng2 72. Be4 Nxh4 73. Kd5 Nxf5 74. Bxf5 Kxf5 75. Kd6 Kxf4 76. Kc7 b6 77. Kb7 a5
78. Kxb6 a4 79. Kc5 Ke4 80. b5 Kd3 81. Kb4 1-0

[Event "OSREDNJA SLOVENSKA LIGA 2025"]
[Site "gostovanja"]
[Date "2025.10.09"]
[Round "4.5"]
[White "Novakovic, Gosto"]
[Black "Kirasic, Branko"]
[Result "1/2-1/2"]
[WhiteElo "1841"]
[BlackElo "1938"]
[PlyCount "97"]
[EventDate "2025.09.18"]
[WhiteTeam "ZELENCI LPP"]
[BlackTeam "SK VISNJA GORA 2"]

1. e4 c5 2. f4 Nc6 3. Nf3 e6 4. c3 d5 5. e5 Nge7 6. Be2 Qb6 7. O-O Bd7 8. Kh1
f6 9. a3 a5 10. a4 O-O-O 11. Na3 h5 12. Nb5 Nf5 13. Bd3 Be7 14. Re1 fxe5 15.
fxe5 Rdg8 16. Bxf5 exf5 17. e6 Be8 18. Ne5 Nxe5 19. Rxe5 Bxb5 20. axb5 Qxb5 21.
Rxd5 Rd8 22. Rxf5 Rdf8 23. Rf7 Qa6 24. Qe1 Rxf7 25. exf7 Rf8 26. d4 Rxf7 27.
Be3 c4 28. Qg3 Qe6 29. h3 Bd6 30. Qe1 Re7 31. Bd2 Qf5 32. Qf1 Qxf1+ 33. Rxf1
Re2 34. Rd1 h4 35. Kg1 Bg3 36. Kf1 Rf2+ 37. Kg1 Kd7 38. Bc1 Kd6 39. Rd2 Rf5 40.
Re2 b5 41. Bd2 g5 42. Be1 Bf4 43. Kf1 b4 44. Bf2 Kd5 45. Ke1 bxc3 46. bxc3 Rf7
47. Ra2 Re7+ 48. Kd1 Bc7 49. Ra4 1/2-1/2

[Event "OSREDNJA SLOVENSKA LIGA 2025"]
[Site "gostovanja"]
[Date "2025.10.09"]
[Round "4.6"]
[White "Lanjscek, Miha"]
[Black "Veskovic, Dzemal"]
[Result "1/2-1/2"]
[WhiteElo "1842"]
[BlackElo "1885"]
[PlyCount "28"]
[EventDate "2025.09.18"]
[WhiteTeam "SK TRZIN"]
[BlackTeam "SD MENGES - TRZIN"]

1. d4 e6 2. c4 d6 3. g3 Be7 4. Nf3 Nd7 5. Bg2 c6 6. Qc2 Ngf6 7. O-O O-O 8. e4
e5 9. b3 exd4 10. Nxd4 Ne5 11. Bb2 a6 12. Nd2 h6 13. f4 Neg4 14. Rae1 Nh5
1/2-1/2

[Event "OSREDNJA SLOVENSKA LIGA 2025"]
[Site "gostovanja"]
[Date "2025.10.09"]
[Round "4.6"]
[White "Simicak, Metod"]
[Black "Bajec, Borut"]
[Result "1-0"]
[WhiteElo "1875"]
[BlackElo "1727"]
[PlyCount "91"]
[EventDate "2025.09.18"]
[WhiteTeam "SD MENGES - TRZIN"]
[BlackTeam "SK TRZIN"]

1. e4 c5 2. Nc3 Nc6 3. Bb5 a6 4. Bxc6 bxc6 5. Qf3 g6 6. Nh3 Bg7 7. O-O e6 8.
Re1 Ne7 9. b3 O-O 10. Bb2 d5 11. Na4 Bxb2 12. Nxb2 Rb8 13. Nd3 c4 14. bxc4 dxc4
15. Qf4 e5 16. Nxe5 Bxh3 17. gxh3 Rb2 18. Rec1 Qd6 19. Nd3 Qxf4 20. Nxf4 Rd8
21. d3 g5 22. Nh5 cxd3 23. cxd3 Rxd3 24. Rab1 Rb5 25. a4 Rbb3 26. Rxb3 Rxb3 27.
Rd1 f6 28. Nxf6+ Kg7 29. Nh5+ Kg6 30. Ng3 Rb4 31. Rd6+ Kf7 32. Rh6 Kg7 33. Re6
Kf7 34. Re5 Rxa4 35. Rxg5 Ra2 36. Rh5 Kg6 37. f4 a5 38. f5+ Kg7 39. e5 Kf8 40.
Rg5 Kf7 41. Nh5 Nxf5 42. Rxf5+ Kg6 43. Ng3 a4 44. e6 Ra3 45. Re5 Kf6 46. e7 1-0

[Event "OSREDNJA SLOVENSKA LIGA 2025"]
[Site "gostovanja"]
[Date "2025.10.09"]
[Round "4.6"]
[White "Konvalinka, Kostja"]
[Black "Sitar, Sreco"]
[Result "1/2-1/2"]
[WhiteElo "1704"]
[BlackElo "1898"]
[PlyCount "51"]
[EventDate "2025.09.18"]
[WhiteTeam "SK TRZIN"]
[BlackTeam "SD MENGES - TRZIN"]

1. e4 e6 2. e5 d5 3. exd6 cxd6 4. d4 d5 5. Bf4 Nc6 6. Nf3 Nf6 7. Bd3 Qb6 8. Bc1
Nb4 9. Nc3 Bd7 10. O-O Be7 11. a3 Nxd3 12. Qxd3 Ne4 13. Re1 Nxc3 14. Qxc3 Rc8
15. Qd3 Bb5 16. Qb3 Qa6 17. c3 Ba4 18. Qa2 Qb5 19. Bg5 Bd6 20. Bh4 h6 21. Ne5
Bb3 22. Qb1 Qa4 23. Qd3 O-O 24. Qg3 Kh7 25. Qd3+ Kg8 26. Qg3 1/2-1/2

[Event "OSREDNJA SLOVENSKA LIGA 2025"]
[Site "gostovanja"]
[Date "2025.10.09"]
[Round "4.6"]
[White "Ocepek, Marjan"]
[Black "Banko, Franci"]
[Result "1/2-1/2"]
[WhiteElo "1720"]
[BlackElo "1628"]
[PlyCount "79"]
[EventDate "2025.09.18"]
[WhiteTeam "SD MENGES - TRZIN"]
[BlackTeam "SK TRZIN"]

1. Nf3 c5 2. c4 Nc6 3. Nc3 Nf6 4. g3 e5 5. d3 Be7 6. Bg2 O-O 7. O-O d6 8. h3
Rb8 9. e4 Bd7 10. Be3 Qc8 11. Kh2 Nd4 12. Nd2 b5 13. f4 exf4 14. gxf4 bxc4 15.
Nxc4 Bc6 16. Rb1 a6 17. Bxd4 cxd4 18. Ne2 d5 19. Nd2 dxe4 20. dxe4 d3 21. Ng3
Qb7 22. Re1 Rfe8 23. Re3 Rbd8 24. Nc4 Qb5 25. b3 Bc5 26. Rxd3 Rxd3 27. Qxd3 Bf2
28. e5 Bxg3+ 29. Qxg3 Nh5 30. Qg4 g6 31. Nd6 Qd3 32. Rd1 Qc2 33. Nxe8 Bxg2 34.
Qxg2 Qxd1 35. Nf6+ Nxf6 36. exf6 Qd8 37. Qg5 Qd2+ 38. Kg3 Qc3+ 39. Kh2 Qb2+ 40.
Kg3 1/2-1/2

[Event "OSREDNJA SLOVENSKA LIGA 2025"]
[Site "gostovanja"]
[Date "2025.10.09"]
[Round "4.7"]
[White "Sajovic, Marko"]
[Black "Kastelic, Marjan"]
[Result "0-1"]
[WhiteElo "2030"]
[BlackElo "2235"]
[PlyCount "76"]
[EventDate "2025.09.18"]
[WhiteTeam "SK MEDVODE"]
[BlackTeam "SK VISNJA GORA 1"]

1. e4 c5 2. Nf3 d6 3. c3 Nf6 4. Qc2 Bg4 5. Be2 Nc6 6. d3 e5 7. h3 Be6 8. Be3 d5
9. exd5 Nxd5 10. Nbd2 Be7 11. O-O O-O 12. Rad1 f5 13. Nc4 Nxe3 14. Nxe3 Qc7 15.
d4 e4 16. d5 exf3 17. Bxf3 Ne5 18. dxe6 Nxf3+ 19. gxf3 Qe5 20. Rd5 Qxe6 21.
Rxf5 Qg6+ 22. Kh1 Qh6 23. Kg2 Bd6 24. Qe4 Rae8 25. Rxf8+ Rxf8 26. Ng4 Qd2 27.
Qxb7 Rb8 28. Qe4 Qf4 29. Qxf4 Bxf4 30. b3 Rd8 31. Re1 h5 32. Re4 Bd2 33. Ne3
Bxc3 34. Re7 Rd2 35. Rxa7 Bd4 36. Kg3 Kh7 37. f4 c4 38. bxc4 Bxa7 0-1

[Event "OSREDNJA SLOVENSKA LIGA 2025"]
[Site "gostovanja"]
[Date "2025.10.09"]
[Round "4.7"]
[White "Medvesek, Janez"]
[Black "Rici, Jurij"]
[Result "0-1"]
[WhiteElo "1962"]
[BlackElo "1900"]
[PlyCount "78"]
[EventDate "2025.09.18"]
[WhiteTeam "SK VISNJA GORA 1"]
[BlackTeam "SK MEDVODE"]

1. d4 d5 2. c4 e6 3. Nc3 Nf6 4. Bg5 Be7 5. e3 O-O 6. Nf3 Nbd7 7. Rc1 c6 8. Bd3
h6 9. Bh4 dxc4 10. Bxc4 Nd5 11. Bxe7 Qxe7 12. O-O Nxc3 13. Rxc3 e5 14. Qc2 exd4
15. exd4 Nb6 16. Bb3 Be6 17. Re1 Bxb3 18. Rxe7 Bxc2 19. Rxc2 Rab8 20. Rce2 Nd5
21. Rd7 Rfd8 22. Rxd8+ Rxd8 23. h4 f6 24. g3 Kf7 25. a3 Rd6 26. h5 Re6 27. Rc2
f5 28. Ne5+ Ke7 29. f3 Kf6 30. Kf2 Kg5 31. f4+ Kf6 32. Re2 Ke7 33. Rd2 Nf6 34.
Ng6+ Kd6 35. Kf3 Nxh5 36. Nh4 g6 37. Rh2 Nf6 38. Ng2 h5 39. Ne3 Rxe3+ 0-1

[Event "OSREDNJA SLOVENSKA LIGA 2025"]
[Site "gostovanja"]
[Date "2025.10.09"]
[Round "4.7"]
[White "Porenta, Matija"]
[Black "Jancigaj, Saso Valentin"]
[Result "0-1"]
[WhiteElo "1831"]
[BlackElo "1787"]
[PlyCount "51"]
[EventDate "2025.09.18"]
[WhiteTeam "SK MEDVODE"]
[BlackTeam "SK VISNJA GORA 1"]

1. e4 e6 2. d4 d5 3. Nc3 c6 4. Nf3 Ne7 5. Bd3 Ng6 6. O-O Be7 7. Re1 O-O 8. e5
c5 9. Be3 cxd4 10. Bxd4 Nc6 11. Ne2 Qc7 12. Bxg6 fxg6 13. Ng3 b6 14. c3 Ba6 15.
Qd2 Rf7 16. Ng5 Bxg5 17. Qxg5 Raf8 18. f3 Bd3 19. Qd2 Ba6 20. Re3 Qe7 21. Rd1
Qg5 22. Ree1 Qh4 23. Qf2 g5 24. Ne4 dxe4 25. Rxe4 Qxf2+ 26. Bxf2 0-1

[Event "OSREDNJA SLOVENSKA LIGA 2025"]
[Site "gostovanja"]
[Date "2025.10.09"]
[Round "4.7"]
[White "Zunic, Bostjan"]
[Black "Jese, Janez"]
[Result "0-1"]
[WhiteElo "1617"]
[BlackElo "1779"]
[PlyCount "52"]
[EventDate "2025.09.18"]
[WhiteTeam "SK VISNJA GORA 1"]
[BlackTeam "SK MEDVODE"]

1. e4 e5 2. Nf3 Nc6 3. Bb5 a6 4. Bxc6 dxc6 5. O-O Bg4 6. h3 h5 7. Nc3 Bc5 8. d3
Qf6 9. Bg5 Bxf3 10. Bxf6 Bxd1 11. Bxg7 Rh7 12. Bxe5 Bxc2 13. d4 Bd6 14. Rac1
Bxe5 15. Rxc2 Bxd4 16. Rd1 O-O-O 17. Ne2 Bxf2+ 18. Kxf2 Rxd1 19. Nf4 Nf6 20. e5
Nd5 21. Ke2 Rd4 22. g3 Re4+ 23. Kf3 Re3+ 24. Kf2 Rxe5 25. Nd3 Rf5+ 26. Kg2 Ne3+
0-1

[Event "OSREDNJA SLOVENSKA LIGA 2025"]
[Site "gostovanja"]
[Date "2025.10.09"]
[Round "4.8"]
[White "Mulec, Dejan"]
[Black "Grdic, Vili"]
[Result "1/2-1/2"]
[WhiteElo "1724"]
[BlackElo "1744"]
[PlyCount "94"]
[EventDate "2025.09.18"]
[WhiteTeam "SK LOSKA DOLINA"]
[BlackTeam "GIMNAZIJA KRANJ"]

1. d4 e6 2. c4 Nf6 3. Nf3 b6 4. g3 Bb7 5. Bg2 c5 6. e3 cxd4 7. exd4 Bb4+ 8. Bd2
Qe7 9. O-O Bxd2 10. Nbxd2 d6 11. Re1 O-O 12. Rc1 Nbd7 13. Qe2 Rac8 14. b3 Rfd8
15. d5 e5 16. Nd4 Qf8 17. Nb5 a6 18. Nc3 h6 19. Bh3 g6 20. Rf1 Re8 21. Qe3 Rb8
22. f4 e4 23. b4 Bc8 24. Rce1 Nh7 25. f5 Ng5 26. Bg2 gxf5 27. h4 Nh7 28. Rxf5
Ndf6 29. Rf4 Ng4 30. Qd4 Qg7 31. Qxg7+ Kxg7 32. Rexe4 Ne5 33. Re3 Bd7 34. Nf3
Rbc8 35. Nxe5 dxe5 36. Rfe4 f6 37. g4 Kf7 38. Kf2 Rg8 39. Rg3 h5 40. g5 Bf5 41.
Ree3 Rxc4 42. Ne4 Bxe4 43. Bxe4 Nf8 44. a3 a5 45. bxa5 bxa5 46. Kf3 Ng6 47.
Bxg6+ Rxg6 1/2-1/2

[Event "OSREDNJA SLOVENSKA LIGA 2025"]
[Site "gostovanja"]
[Date "2025.10.09"]
[Round "4.8"]
[White "Kocjancic, Luka"]
[Black "Bucar, Luka"]
[Result "1-0"]
[WhiteElo "1588"]
[BlackElo "1706"]
[PlyCount "48"]
[EventDate "2025.09.18"]
[WhiteTeam "GIMNAZIJA KRANJ"]
[BlackTeam "SK LOSKA DOLINA"]

1. d4 Nf6 2. c4 g6 3. Nc3 d5 4. e3 Bg7 5. Nf3 O-O 6. Bd3 b6 7. O-O dxc4 8. Bxc4
Bb7 9. Ne5 Nbd7 10. Nd3 Rc8 11. b4 c5 12. Qb3 cxd4 13. exd4 Qc7 14. Nb2 Ng4 15.
g3 Bxd4 16. Nd5 Qe5 17. Bf4 Qe4 18. Rac1 e6 19. Rce1 Bxf2+ 20. Rxf2 Qxe1+ 21.
Rf1 Qe4 22. Rd1 exd5 23. Bd3 Qd4+ 24. Kg2 Qc3 1-0